[Event "Sparkassen-Open A"]
[Site "Heusenstamm, Martinsee"]
[Date "2023.11.23"]
[Round "1.104"]
[White "Zargaran, Sepas"]
[Black "Gold, Jan Christian"]
[Result "1-0"]
[WhiteElo "1558"]
[BlackElo "1934"]
[PlyCount "43"]
[EventDate "2023.??.??"]
[WhiteTeam "VSG 1880 Offenbach"]
[BlackTeam "SK Bad Homburg 1927"]

1. e4 e6 2. d4 d5 3. Nd2 c5 4. c3 cxd4 5. cxd4 dxe4 6. Nxe4 Nc6 7. Nf3 Bb4+ 8. Bd2 Bxd2+ 9. Qxd2 Nf6 10. Nc3 O-O 11. Bd3 Qa5 12. O-O Rd8 13. a3 Qc7 14. Rac1 Qd7 15. Rfd1 b6 16. Bb5 a6 17. Ne5 Qxd4 18. Bxc6 Qxd2 19. Rxd2 Rxd2 20. Bxa8 a5 21. Nd5 Ba6 22. Nc7 1-0

[Event "Sparkassen-Open A"]
[Site "Heusenstamm, Martinsee"]
[Date "2023.11.23"]
[Round "1.105"]
[White "Blaschke, Henri Johannes"]
[Black "Richter, Johanna"]
[Result "1-0"]
[WhiteElo "1866"]
[BlackElo "1529"]
[PlyCount "63"]
[EventDate "2023.??.??"]
[WhiteTeam "SK Vellmar 1950"]
[BlackTeam "Sfr.Heidesheim"]

1. d4 Nf6 2. Nf3 g6 3. c4 Bg7 4. Nc3 d5 5. cxd5 Nxd5 6. g3 O-O 7. Bg2 c6 8. O-O h6 9. Bd2 Be6 10. Qc1 Kh7 11. Rd1 Nd7 12. Na4 N5b6 13. Nc5 Nxc5 14. dxc5 Nd7 15. Bc3 Bxc3 16. Qxc3 Bg4 17. Ne5 Be6 18. Rxd7 Bxd7 19. Rd1 Qe8 20. Nxd7 Rg8 21. Ne5 f6 22. Nf3 Rd8 23. Rd4 Qf7 24. a3 Kg7 25. h4 Rge8 26. Qd2 Rxd4 27. Qxd4 Qe6 28. e3 Qc8 29. Kh2 Rd8 30. Qe4 Qc7 31. Nd4 f5 32. Ne6+ 1-0

[Event "Sparkassen-Open A"]
[Site "Heusenstamm, Martinsee"]
[Date "2023.11.23"]
[Round "1.106"]
[White "Rotermund, Verena"]
[Black "Piepenhagen, Eric"]
[Result "0-1"]
[WhiteElo "1581"]
[BlackElo "1838"]
[PlyCount "74"]
[EventDate "2023.??.??"]
[WhiteTeam "Vorw.Orient Mainz"]
[BlackTeam "Niendorfer TSV 1919 SAbt"]

1. e4 c5 2. Nc3 e6 3. Bc4 Nc6 4. f4 a6 5. a4 Nge7 6. d3 d5 7. Bb3 Nd4 8. Ba2 b5 9. Nf3 b4 10. Nxd4 bxc3 11. Ne2 dxe4 12. bxc3 Bb7 13. O-O exd3 14. cxd3 g6 15. Rb1 Bc6 16. Ng3 Bg7 17. Ne4 O-O 18. Ba3 Bxe4 19. dxe4 Qc7 20. Qc2 Rfd8 21. f5 gxf5 22. exf5 Nxf5 23. Rxf5 exf5 24. Qxf5 c4 25. Rf1 Qb6+ 26. Kh1 Qg6 27. Qf3 Rac8 28. Bb1 Qf6 29. Bf5 Rc7 30. Bc1 Qxc3 31. Qh5 h6 32. Bxh6 Bxh6 33. Qxh6 Qg7 34. Qxa6 c3 35. Bc2 Rcd7 36. Qb5 Rd2 37. Qf5 Qxg2# 0-1

[Event "Sparkassen-Open A"]
[Site "Heusenstamm, Martinsee"]
[Date "2023.11.23"]
[Round "1.107"]
[White "Baladjaev, Emin"]
[Black "Lee, Kwan Ho Matthew"]
[Result "1/2-1/2"]
[WhiteElo "1927"]
[BlackElo "1587"]
[PlyCount "154"]
[EventDate "2023.??.??"]
[WhiteTeam "SAbt TuS Dotzheim"]
[BlackTeam "SV Oberursel"]

1. e4 c6 2. d4 d5 3. Nd2 dxe4 4. Nxe4 Nf6 5. Ng3 Bg4 6. Nf3 e6 7. Be2 h5 8. h3 Bxf3 9. Bxf3 h4 10. Nf1 Nbd7 11. Bf4 Be7 12. Ne3 Nd5 13. Nxd5 cxd5 14. O-O g5 15. Bh2 Rc8 16. Qe2 Kf8 17. Rfe1 Nf6 18. c3 Bd6 19. Be5 Rh6 20. Rad1 Qc7 21. Qe3 Bxe5 22. dxe5 Nh7 23. Qxa7 Qe7 24. Rd4 Kg7 25. Rb4 Rc7 26. Qd4 Nf8 27. a4 Ng6 28. a5 Rh8 29. Ra1 Rhc8 30. Be2 Nf4 31. Bf1 Rc5 32. Ra3 Qc7 33. Qe3 Rxa5 34. Rxa5 Qxa5 35. g3 hxg3 36. fxg3 Ng6 37. Rxb7 Qc5 38. Qd4 Nxe5 39. Qxc5 Rxc5 40. Kf2 Kf6 41. Ke3 Rc8 42. Be2 Rh8 43. Bf1 Rc8 44. Bg2 Nc4+ 45. Kd3 Nd6 46. Rb6 Ke5 47. Ra6 f5 48. Ra7 Ne4 49. g4 fxg4 50. Bxe4 dxe4+ 51. Ke3 gxh3 52. Rh7 Rd8 53. Rh6 Rd3+ 54. Ke2 Kf5 55. c4 Rb3 56. c5 Rxb2+ 57. Ke3 Rc2 58. Kd4 h2 59. c6 Rxc6 60. Rxh2 Rd6+ 61. Ke3 Rd3+ 62. Ke2 Kf4 63. Rh6 Kf5 64. Rh8 Rf3 65. Rf8+ Kg4 66. Re8 Kf5 67. Rf8+ Ke5 68. Rg8 Kd4 69. Rxg5 Rh3 70. Rg2 e5 71. Rf2 Re3+ 72. Kd2 Rf3 73. Rh2 e3+ 74. Ke1 Kd3 75. Ra2 Rf2 76. Ra3+ Ke4 77. Ra8 Kf3 1/2-1/2

[Event "Sparkassen-Open A"]
[Site "Heusenstamm, Martinsee"]
[Date "2023.11.23"]
[Round "1.108"]
[White "Fleischmann, Theo"]
[Black "Buchholz, Maja Patricia"]
[Result "1/2-1/2"]
[WhiteElo "1578"]
[BlackElo "1923"]
[PlyCount "110"]
[EventDate "2023.??.??"]
[WhiteTeam "SVG CAISSA Kassel"]
[BlackTeam "Wiesbadener SV 1885"]

1. Nf3 Nf6 2. g3 g6 3. b3 Bg7 4. Bb2 c5 5. c4 Nc6 6. Bg2 O-O 7. O-O d6 8. d4 cxd4 9. Nxd4 Bd7 10. Nc3 Qc8 11. Re1 Bh3 12. Nd5 Bxg2 13. Kxg2 Qd7 14. e4 Nxd5 15. exd5 Ne5 16. Qd2 Rfe8 17. h3 Qd8 18. g4 a6 19. f4 Nd7 20. Rab1 Nf6 21. Nf3 Qd7 22. Kg3 Rac8 23. Nd4 Rc5 24. Ba3 Rc7 25. Re2 Qc8 26. Rbe1 Qd8 27. Bb4 Qd7 28. Ba5 Rc5 29. Bb4 Rcc8 30. a4 Kf8 31. a5 Qc7 32. Ba3 Nd7 33. Bb2 Nc5 34. h4 Nd7 35. Bc3 Nf6 36. Bb2 Qd7 37. f5 Qd8 38. Kf3 Nd7 39. fxg6 hxg6 40. Kg3 Rc5 41. Rg1 Kg8 42. Nf3 Nf6 43. Ra1 Qd7 44. Qf4 Qc7 45. Qd2 Qd7 46. Qf4 Qc8 47. Bd4 Rc7 48. Rae1 Qd7 49. Bb6 Rcc8 50. Nd4 Kh7 51. Nf3 Bh6 52. Ng5+ Kg8 53. Bd4 Bg7 54. Bb6 Rb8 55. Qf3 Rbc8 1/2-1/2

[Event "Sparkassen-Open A"]
[Site "Heusenstamm, Martinsee"]
[Date "2023.11.23"]
[Round "1.109"]
[White "Ahrends, Norbert"]
[Black "Rohatgi, Kushagra"]
[Result "1-0"]
[WhiteElo "1924"]
[BlackElo "1577"]
[PlyCount "71"]
[EventDate "2023.??.??"]
[WhiteTeam "SK 1980 Gernsheim"]
[BlackTeam "SAbt TuS Makkabi Ffm"]

1. d4 d5 2. c4 e6 3. Nc3 Nf6 4. Nf3 c6 5. Bg5 Nbd7 6. e3 Be7 7. Rc1 O-O 8. Be2 dxc4 9. Bxc4 b5 10. Bd3 Bb7 11. O-O Rc8 12. a3 h6 13. Bh4 a6 14. b4 Nd5 15. Bg3 Nxc3 16. Rxc3 Nf6 17. Bb1 Bd6 18. Ne5 Qe7 19. Qc2 c5 20. Ng4 Ne4 21. Bxd6 Qxd6 22. bxc5 Qd5 23. f3 Qg5 24. c6 f5 25. fxe4 Qxg4 26. cxb7 Rxc3 27. Qxc3 Qg5 28. exf5 exf5 29. Rxf5 Qe7 30. Rxf8+ Qxf8 31. Qc8 Qxc8 32. bxc8=Q+ Kf7 33. Qf5+ Kg8 34. d5 a5 35. d6 Kh8 36. Qh7# 1-0

[Event "Sparkassen-Open A"]
[Site "Heusenstamm, Martinsee"]
[Date "2023.11.23"]
[Round "1.110"]
[White "Schneider, Till"]
[Black "Oster, Klaus"]
[Result "1/2-1/2"]
[WhiteElo "1575"]
[BlackElo "1907"]
[PlyCount "49"]
[EventDate "2023.??.??"]
[WhiteTeam "SC Brett vorm Kopp Ffm"]
[BlackTeam "SF Dettingen 1950"]

1. f4 d5 2. Nf3 Bg4 3. e3 Nd7 4. d4 e6 5. Nbd2 Ngf6 6. h3 Bh5 7. g4 Bg6 8. Nh4 Be4 9. Ndf3 Be7 10. Ng2 c5 11. c3 h6 12. Nd2 Bh7 13. Qf3 Ne4 14. h4 a6 15. f5 exf5 16. gxf5 Ndf6 17. Bd3 Qd7 18. O-O Nxd2 19. Bxd2 c4 20. Bc2 Bd6 21. e4 dxe4 22. Rae1 O-O 23. Bxe4 Nxe4 24. Rxe4 f6 25. Rg4 1/2-1/2

[Event "Sparkassen-Open A"]
[Site "Heusenstamm, Martinsee"]
[Date "2023.11.23"]
[Round "1.111"]
[White "Rutsatz, Mario"]
[Black "Sasikumar Anitha, Sarvesh"]
[Result "1-0"]
[WhiteElo "1922"]
[BlackElo "1466"]
[PlyCount "191"]
[EventDate "2023.??.??"]
[WhiteTeam "SC 1961 König Nied"]
[BlackTeam "SK 1858 Gießen"]

1. Nf3 Nf6 2. d4 g6 3. c4 Bg7 4. Nc3 O-O 5. h3 d6 6. Bf4 Nbd7 7. e3 c5 8. Be2 a6 9. O-O Rb8 10. a4 b6 11. Bh2 Bb7 12. d5 Re8 13. e4 Qc7 14. Re1 h6 15. Bf1 e5 16. dxe6 Rxe6 17. Qc2 Rbe8 18. Bd3 Ne5 19. Nxe5 dxe5 20. Nd5 Qc6 21. Qb3 a5 22. Bc2 Rd8 23. Rad1 Rde8 24. Rd2 Bc8 25. Red1 Kh7 26. Qf3 Kg8 27. b3 Kh7 28. g4 Kg8 29. Bd3 Ba6 30. Bf1 Bc8 31. Kh1 Nh7 32. h4 Qb7 33. Bh3 g5 34. Bg3 Qc6 35. Rd3 Qb7 36. R1d2 Qc6 37. Qd1 Nf6 38. Bg2 Nh7 39. Ne3 Nf6 40. f3 Qb7 41. Rd6 Qc7 42. Nf5 Qb7 43. Rd8 Qc7 44. R2d6 Rxd6 45. Rxd6 Re6 46. Rd8+ Re8 47. Rxe8+ Nxe8 48. Qd2 f6 49. Qd5+ Qf7 50. Qc6 Bxf5 51. exf5 Kf8 52. Qxb6 Qc7 53. Qxc7 Nxc7 54. Be1 Na6 55. Bxa5 Ke8 56. Bf1 Kd7 57. Bd3 Bf8 58. Be4 Kc8 59. hxg5 hxg5 60. Kg2 Be7 61. Kf2 Kb8 62. Bc6 Kc8 63. Ke3 Kb8 64. Ke4 Nc7 65. Bxc7+ Kxc7 66. Kd5 Kb6 67. Bb5 Kc7 68. a5 Kb7 69. Ke6 Bd8 70. Kd7 Bxa5 71. Ke7 Bd2 72. Kxf6 Bc3 73. Ke6 e4 74. fxe4 Kc7 75. e5 Bxe5 76. Kxe5 Kd8 77. Kf6 Kc7 78. Ke7 Kb6 79. f6 Ka5 80. f7 Kb4 81. Kd6 Kxb3 82. Kxc5 Kc3 83. f8=R Kc2 84. Rf3 Kd2 85. Kd4 Ke2 86. Bc6 Kd2 87. Rf2+ Ke1 88. Ke3 Kd1 89. Re2 Kc1 90. Rd2 Kb1 91. Kd3 Kc1 92. Kc3 Kb1 93. Rc2 Ka1 94. Kb3 Kb1 95. Ba8 Ka1 96. Rc1# 1-0

[Event "Sparkassen-Open A"]
[Site "Heusenstamm, Martinsee"]
[Date "2023.11.23"]
[Round "1.112"]
[White "Klein, Deniz"]
[Black "Derr, Oleg"]
[Result "0-1"]
[WhiteElo "1565"]
[BlackElo "1808"]
[PlyCount "102"]
[EventDate "2023.??.??"]
[WhiteTeam "SG Kaiserslautern 1905"]
[BlackTeam "VSG 1880 Offenbach"]

1. c4 e5 2. g3 c6 3. d4 e4 4. Bg2 d5 5. Nc3 f5 6. cxd5 cxd5 7. e3 Nf6 8. Nge2 Nc6 9. O-O Be7 10. a3 O-O 11. b4 Be6 12. Bd2 g5 13. Qb3 Kg7 14. Rfc1 Qd7 15. Rc2 Rac8 16. Rac1 Nd8 17. Qa4 Nf7 18. Qxd7 Bxd7 19. f3 Nd6 20. fxe4 fxe4 21. h3 Rc7 22. Nb1 Rxc2 23. Rxc2 Nc4 24. Nec3 Rc8 25. Bf1 Bd6 26. g4 h6 27. Bc1 Nb6 28. Bb2 Na4 29. Rd2 Nb6 30. Bc1 Bg3 31. Re2 h5 32. Kg2 Bd6 33. gxh5 Nxh5 34. Rf2 Bg3 35. Ra2 Bb8 36. Rf2 Ng3 37. Be2 Nf5 38. Bg4 Nh4+ 39. Kf1 Bxg4 40. hxg4 Bg3 41. Re2 Rf8+ 42. Kg1 Nf3+ 43. Kg2 Be1 44. Bb2 Rh8 45. Nxe4 Rh2+ 46. Kf1 Rxe2 47. Kxe2 dxe4 48. Bc3 Bg3 49. Nd2 Nxd2 50. Bxd2 Kf7 51. Kd1 Ke6 0-1

[Event "Sparkassen-Open A"]
[Site "Heusenstamm, Martinsee"]
[Date "2023.11.23"]
[Round "1.113"]
[White "Wachsmann, Elmar"]
[Black "Strache, Rolf"]
[Result "1-0"]
[WhiteElo "1908"]
[BlackElo "1557"]
[PlyCount "99"]
[EventDate "2023.??.??"]
[WhiteTeam "SC Groß-Umstadt"]
[BlackTeam "SK Herborn 1946"]

1. d4 d5 2. c4 e6 3. Nc3 Nf6 4. cxd5 exd5 5. Bg5 Be7 6. e3 c5 7. dxc5 Nbd7 8. Nf3 O-O 9. Bd3 h6 10. Bf4 a6 11. O-O Bxc5 12. Rc1 Ba7 13. Bb1 Nc5 14. Be5 Be6 15. Bxf6 Qxf6 16. Nxd5 Bxd5 17. Qxd5 Rfd8 18. Qe5 Qxe5 19. Nxe5 Re8 20. Nc4 Ne6 21. Nd6 Re7 22. Be4 Rb8 23. Nc8 Re8 24. Nxa7 Ra8 25. Nc6 Nf8 26. Bf3 bxc6 27. Bxc6 Rec8 28. Bxa8 Rxa8 29. Rfd1 Ne6 30. g3 g6 31. h4 g5 32. Rc4 Kg7 33. Kg2 a5 34. b3 Ra7 35. Rd5 Kg6 36. Kf3 f6 37. Rd6 Ng7 38. Rcc6 Rf7 39. hxg5 hxg5 40. Ra6 Nf5 41. Rd2 Nh6 42. g4 Kg7 43. Rxa5 Rc7 44. Rad5 Rc1 45. b4 Rg1 46. R2d4 Kg6 47. b5 Nf7 48. Rb4 Ne5+ 49. Rxe5 fxe5 50. b6 1-0

[Event "Sparkassen-Open A"]
[Site "Heusenstamm, Martinsee"]
[Date "2023.11.23"]
[Round "1.114"]
[White "Kovalskyy, Alicia"]
[Black "Winter, Lars"]
[Result "0-1"]
[WhiteElo "1515"]
[BlackElo "1896"]
[PlyCount "62"]
[EventDate "2023.??.??"]
[WhiteTeam "Düsseldorfer SV 1854"]
[BlackTeam "SV 1926 Fechenheim"]

1. e4 c5 2. Nf3 e6 3. d4 cxd4 4. Nxd4 Nf6 5. Nc3 Nc6 6. Bc4 Bb4 7. Nxc6 bxc6 8. Qf3 d5 9. exd5 cxd5 10. O-O O-O 11. Bg5 Bd7 12. Bd3 Be7 13. Qh3 g6 14. f4 e5 15. Qh4 e4 16. Be2 Re8 17. Rad1 Bc6 18. f5 Kg7 19. Qh6+ Kh8 20. Qh4 Ng8 21. fxg6 fxg6 22. Rf7 h6 23. Bxe7 Rxe7 24. Rf2 d4 25. Bc4 Rd7 26. Qg3 Qg5 27. Qxg5 hxg5 28. Nb5 Rad8 29. Rfd2 e3 30. Rxd4 Bxb5 31. c3 Rxd4 0-1

[Event "Sparkassen-Open A"]
[Site "Heusenstamm, Martinsee"]
[Date "2023.11.23"]
[Round "1.115"]
[White "Kalepky, Helmut"]
[Black "Rotärmel, Leonie"]
[Result "1/2-1/2"]
[WhiteElo "1912"]
[BlackElo "1472"]
[PlyCount "98"]
[EventDate "2023.??.??"]
[WhiteTeam "Sfr.Heidesheim"]
[BlackTeam "SK Bad Homburg 1927"]

1. e4 e6 2. d4 d5 3. Nc3 dxe4 4. Nxe4 Bd7 5. Bd3 Bc6 6. Nf3 Nd7 7. c3 Ngf6 8. Qe2 Nxe4 9. Bxe4 Bxe4 10. Qxe4 c6 11. Bg5 Be7 12. Bxe7 Qxe7 13. O-O O-O 14. Rfe1 Qf6 15. Rad1 Rfd8 16. b4 Nb6 17. Ne5 Nd7 18. Nc4 Nb6 19. Na5 Qe7 20. Rd3 Nd5 21. a3 Qc7 22. Rg3 Nf6 23. Qf3 Kh8 24. Nc4 Rd5 25. Ne5 a5 26. Qf4 Qe7 27. h3 axb4 28. axb4 Rdd8 29. Ree3 Rf8 30. Qg5 Rg8 31. Ref3 Raf8 32. c4 Qd8 33. Rf4 h6 34. Qh4 Kh7 35. Ng4 Nxg4 36. Qxg4 g5 37. Rff3 f5 38. Qh5 Qxd4 39. Rd3 Qa1+ 40. Kh2 Qf6 41. Rd7+ Rg7 42. Rgd3 Qe5+ 43. g3 f4 44. Rxg7+ Qxg7 45. Qe2 fxg3+ 46. fxg3 Qf7 47. Kg2 Kg8 48. Re3 Re8 49. Rf3 Qg7 1/2-1/2

[Event "Sparkassen-Open A"]
[Site "Heusenstamm, Martinsee"]
[Date "2023.11.23"]
[Round "1.116"]
[White "Hebauf, Markus"]
[Black "Mester, Philipp"]
[Result "0-1"]
[WhiteElo "1518"]
[BlackElo "1806"]
[PlyCount "70"]
[EventDate "2023.??.??"]
[WhiteTeam "Sfr.1932 Kelkheim"]
[BlackTeam "SVG CAISSA Kassel"]

1. d4 f5 2. Nf3 Nf6 3. c4 g6 4. Nc3 Bg7 5. Qc2 O-O 6. e4 fxe4 7. Nxe4 Nxe4 8. Qxe4 d6 9. Be2 Nc6 10. Qh4 e5 11. Bg5 Qe8 12. dxe5 Nxe5 13. O-O Bd7 14. Rae1 Qf7 15. Nxe5 Bxe5 16. b3 Rfe8 17. c5 d5 18. Qb4 b5 19. Qd2 c6 20. a4 a6 21. axb5 axb5 22. Bh4 Bg7 23. Bg3 d4 24. Bd6 Qxb3 25. Bf3 Qf7 26. Rxe8+ Rxe8 27. Qa5 Bf8 28. Qb6 Rc8 29. Re1 d3 30. Rd1 Re8 31. Bxc6 d2 32. h3 Re1+ 33. Rxe1 dxe1=Q+ 34. Kh2 Bxd6+ 35. cxd6 Qf4+ 0-1

[Event "Sparkassen-Open A"]
[Site "Heusenstamm, Martinsee"]
[Date "2023.11.23"]
[Round "1.117"]
[White "Scherf, Karl-Heinrich"]
[Black "Arne, Jonas"]
[Result "1/2-1/2"]
[WhiteElo "1911"]
[BlackElo "1432"]
[PlyCount "71"]
[EventDate "2023.??.??"]
[WhiteTeam "SF Neuberg"]
[BlackTeam "SG Kaiserslautern 1905"]

1. e4 c5 2. c3 Nf6 3. e5 Nd5 4. Nf3 Nc6 5. Bc4 Nb6 6. Bb3 d6 7. exd6 Qxd6 8. O-O g6 9. d4 cxd4 10. Nxd4 Nxd4 11. cxd4 Bg7 12. d5 O-O 13. Nc3 Bf5 14. Be3 Rac8 15. Bd4 Rfd8 16. Bxg7 Kxg7 17. Qd4+ Kg8 18. Rad1 e6 19. Qf6 exd5 20. Qxd6 Rxd6 21. Nxd5 Nxd5 22. Rxd5 Rxd5 23. Bxd5 Rc2 24. b4 b6 25. Re1 Rb2 26. g4 Be6 27. Bxe6 fxe6 28. Rxe6 Rxb4 29. h3 Ra4 30. Re2 Kf7 31. Kg2 Kf6 32. Kg3 b5 33. h4 a5 34. Rc2 Rc4 35. Rd2 a4 36. Rd7 1/2-1/2

[Event "Sparkassen-Open A"]
[Site "Heusenstamm, Martinsee"]
[Date "2023.11.23"]
[Round "1.118"]
[White "Hildebrandt, Paul"]
[Black "Lenz, Joshua"]
[Result "0-1"]
[WhiteElo "1479"]
[BlackElo "1806"]
[PlyCount "62"]
[EventDate "2023.??.??"]
[WhiteTeam "Obertshausen"]
[BlackTeam "SV Turm Lahnstein"]

1. Nf3 Nf6 2. b3 d5 3. Bb2 e6 4. e3 Be7 5. Be2 c5 6. c4 Nc6 7. d4 O-O 8. Nbd2 cxd4 9. exd4 Re8 10. O-O Bd7 11. a3 a5 12. Re1 Rc8 13. Rc1 h6 14. Nf1 Ne4 15. N1d2 f5 16. Nxe4 fxe4 17. Ne5 Nxe5 18. dxe5 Bc6 19. Bg4 Bg5 20. Rc2 Qe7 21. c5 Rf8 22. Bd4 Kh8 23. Bh5 Bb5 24. Be2 Bd7 25. Bh5 Qd8 26. Qg4 Kh7 27. Be3 Rf5 28. h4 Bxe3 29. Bg6+ Kh8 30. Bxf5 exf5 31. fxe3 fxg4 0-1

[Event "Sparkassen-Open A"]
[Site "Heusenstamm, Martinsee"]
[Date "2023.11.24"]
[Time "09:30:00"]
[Round "2.1"]
[PlyCount "100"]
[White "Herrmann, Jakob"]
[Black "Korneev, Oleg"]
[Result "0-1"]
[WhiteElo "2037"]
[BlackElo "2470"]
[WhiteTeam "SAV Torgelow-Drögeheide 90"]
[BlackTeam "TSV Schönaich"]

1. Nf3 d5 2. g3 Bg4 3. Bg2 c6 4. h3 Bh5 5. O-O Nd7 6. d4 e6 7. c4 Ngf6 8. cxd5
exd5 9. Ne5 Bg6 10. Nc3 Be7 11. Kh2 O-O 12. f4 Be4 13. Nxe4 Nxe4 14. Qb3 Nd6 15.
g4 Kh8 16. Qd3 f6 17. Nxd7 Qxd7 18. b3 Rae8 19. Bd2 Bd8 20. e3 Bc7 21. Kh1 Ne4
22. Bxe4 Rxe4 23. Qe2 Qe7 24. Qg2 Bd6 25. g5 f5 26. Rad1 Bb4 27. Bc1 Ba3 28.
Bxa3 Qxa3 29. Rd3 Rfe8 30. Qd2 a5 31. Kg2 Qb4 32. Qxb4 axb4 33. Kf3 Ra8 34. Rf2
Kg8 35. h4 Kf7 36. h5 Ree8 37. Rdd2 Ke6 38. Ke2 Kd6 39. Kd3 b6 40. Rc2 c5 41.
Rfe2 Re4 42. Rc1 Rae8 43. Rce1 cxd4 44. exd4 Rc8 45. Rxe4 dxe4+ 46. Kd2 Kd5 47.
Rd1 Rc3 48. Ke1 Rc2 49. Kf1 e3 50. Ke1 Rh2 0-1

[Event "Sparkassen-Open A"]
[Site "Heusenstamm, Martinsee"]
[Date "2023.11.24"]
[Time "09:30:00"]
[Round "2.2"]
[PlyCount "51"]
[White "Poetsch, Hagen"]
[Black "Erdmann, Stefan"]
[Result "1-0"]
[WhiteElo "2467"]
[BlackElo "2062"]
[WhiteTeam "SC Heusenstamm"]
[BlackTeam "SK Bad Homburg 1927"]

1. e4 c5 2. Nf3 Nc6 3. d4 cxd4 4. Nxd4 Nf6 5. Nc3 d6 6. Bg5 e6 7. Qd2 Be7 8.
O-O-O Nxd4 9. Qxd4 O-O 10. h4 Qa5 11. Kb1 Bd7 12. Qd2 Kh8 13. Bd3 Rfc8 14. f4
Be8 15. f5 Rc5 16. a3 Rcc8 17. Qe2 b5 18. fxe6 fxe6 19. e5 Bh5 20. g4 Bxg4 21.
Qg2 Bxd1 22. exf6 gxf6 23. Qe4 f5 24. Qxe6 Bxg5 25. hxg5 Bg4 26. Qf7 1-0

[Event "Sparkassen-Open A"]
[Site "Heusenstamm, Martinsee"]
[Date "2023.11.24"]
[Time "09:30:00"]
[PlyCount "68"]
[Round "2.3"]
[White "Lenhard, Martin"]
[Black "Krastev, Alexander"]
[Result "0-1"]
[WhiteElo "2060"]
[BlackElo "2440"]
[WhiteTeam "SV 1920 Hofheim"]
[BlackTeam "Biebertaler SF"]

1. e4 c5 2. d4 cxd4 3. c3 dxc3 4. Nxc3 Nc6 5. Nf3 e6 6. Bc4 Bb4 7. O-O Nge7 8.
Qc2 O-O 9. Rd1 Ng6 10. Bg5 Be7 11. Be3 a6 12. Rac1 b5 13. Be2 Bb7 14. Qd2 d6 15.
a3 Rc8 16. b4 Nce5 17. Nd4 Nc4 18. Bxc4 Rxc4 19. f4 Qa8 20. f5 exf5 21. Nxf5
Bxe4 22. Nxe7+ Nxe7 23. Nxe4 Rxe4 24. Rc7 Rxe3 25. Qxe3 Nd5 26. Qc1 Nxc7 27.
Qxc7 d5 28. Qe5 Rd8 29. Rd3 d4 30. h4 Qd5 31. Qxd5 Rxd5 32. Kf2 f5 33. Ke2 Kf7
34. Rf3 d3+ 0-1

[Event "Sparkassen-Open A"]
[Site "Heusenstamm, Martinsee"]
[Date "2023.11.24"]
[Time "09:30:00"]
[Round "2.4"]
[PlyCount "83"]
[White "Milov, Leonid"]
[Black "Leibbrand, Udo"]
[Result "1/2-1/2"]
[WhiteElo "2422"]
[BlackElo "2053"]
[WhiteTeam "SC Noris-Tarrasch Nürnberg 1873"]
[BlackTeam "SC Pforzheim 1906"]

1. e4 e5 2. Nf3 Nc6 3. Bb5 Nf6 4. d3 d6 5. O-O a6 6. Bxc6+ bxc6 7. d4 exd4 8.
Nxd4 c5 9. Nc6 Qd7 10. Na5 Be7 11. Re1 O-O 12. c4 Re8 13. h3 Bd8 14. Nc3 c6 15.
Nb3 a5 16. e5 Rxe5 17. Rxe5 dxe5 18. Qe2 Qe8 19. Nxc5 Bc7 20. Bg5 Nd7 21. Nxd7
Bxd7 22. Rd1 f6 23. Be3 Be6 24. b3 Rd8 25. Rxd8 Qxd8 26. Na4 Bf5 27. Qd2 Qxd2
28. Bxd2 Bb1 29. Nc3 Bc2 30. Na4 Bb1 31. Nc3 Bc2 32. Kf1 Bd6 33. Na4 Bb1 34. Nc3
Bd3+ 35. Ke1 Bb4 36. Ne2 Bxd2+ 37. Kxd2 Bxe2 38. Kxe2 Kf7 39. a3 c5 40. Kd3 Ke6
41. Kc3 f5 42. h4 1/2-1/2

[Event "Sparkassen-Open A"]
[Site "Heusenstamm, Martinsee"]
[Date "2023.11.24"]
[Time "09:30:00"]
[Round "2.5"]
[PlyCount "76"]
[White "Burkhardt, Holger"]
[Black "Golubka, Petro"]
[Result "0-1"]
[WhiteElo "2034"]
[BlackElo "2419"]
[WhiteTeam "SK 1858 Gießen"]
[BlackTeam "Krakau"]

1. e4 c5 2. Nc3 a6 3. d4 cxd4 4. Qxd4 Nc6 5. Qe3 e6 6. Nf3 b5 7. a4 b4 8. Nd5
Nf6 9. Nxf6+ Qxf6 10. e5 Qe7 11. Bd3 Qc5 12. Qe4 Bb7 13. O-O g6 14. Be3 Qa5 15.
Bf4 Qc7 16. Qe3 Bg7 17. Rfe1 Ne7 18. Bh6 O-O 19. Bxg7 Kxg7 20. a5 h6 21. Qf4 Nd5
22. Qg3 Rac8 23. Re4 Rh8 24. Rg4 Kf8 25. Nd2 g5 26. Nc4 f5 27. exf6 Nf4 28. Rxf4
Qxf4 29. Qxf4 gxf4 30. Ne5 Rg8 31. g3 Rc7 32. Ra4 Rg5 33. Ng6+ Kf7 34. Nxf4 Kxf6
35. h4 Rgc5 36. Kh2 e5 37. Nh5+ Kf7 38. Rxb4 e4 0-1

[Event "Sparkassen-Open A"]
[Site "Heusenstamm, Martinsee"]
[Date "2023.11.24"]
[Time "09:30:00"]
[Round "2.6"]
[PlyCount "71"]
[White "Smith, Bryan"]
[Black "Rosenberger, Frank"]
[Result "1-0"]
[WhiteElo "2396"]
[BlackElo "2050"]
[WhiteTeam "Budapest"]
[BlackTeam "SK 1980 Gernsheim"]

1. e4 d5 2. exd5 Qxd5 3. Nc3 Qd6 4. d4 Nf6 5. Nf3 c6 6. Ne5 Nbd7 7. Nc4 Qc7 8.
g3 Nb6 9. Bf4 Qd8 10. Ne3 Nbd5 11. Be5 Nxe3 12. fxe3 Nd5 13. Bc4 Be6 14. Qf3 Qd7
15. e4 Nxc3 16. Qxc3 Bxc4 17. Qxc4 e6 18. O-O-O f6 19. Bf4 Rc8 20. Qb3 Be7 21.
Rhe1 Kf8 22. h4 h5 23. Kb1 g6 24. Qf3 Kg7 25. g4 Rcg8 26. Rg1 hxg4 27. Qxg4 Kf7
28. Rgf1 f5 29. Bg5 Bxg5 30. hxg5 Qd6 31. a3 Rh2 32. Qf3 Rgh8 33. Qb3 R8h3 34.
Qxb7+ Qe7 35. Qxc6 Re2 36. d5 1-0

[Event "Sparkassen-Open A"]
[Site "Heusenstamm, Martinsee"]
[Date "2023.11.24"]
[Time "09:30:00"]
[Round "2.7"]
[PlyCount "156"]
[White "Kutzner, Stephen"]
[Black "Krause, Benedict"]
[Result "0-1"]
[WhiteElo "2039"]
[BlackElo "2394"]
[WhiteTeam "Godesberger SK 1929 e. V"]
[BlackTeam "FC ST.Pauli 1910 eV SAbt"]

1. d4 Nf6 2. c4 g6 3. Nc3 d5 4. cxd5 Nxd5 5. e4 Nxc3 6. bxc3 Bg7 7. Bc4 c5 8.
Ne2 Nc6 9. Be3 O-O 10. O-O b6 11. Qd2 Bb7 12. Rac1 Rc8 13. Rfd1 e6 14. Bh6 cxd4
15. cxd4 Na5 16. Bd3 Qd7 17. h4 Rxc1 18. Rxc1 Bxh6 19. Qxh6 Rc8 20. h5 Rxc1+ 21.
Qxc1 Nc6 22. h6 Qe7 23. Bb5 Nd8 24. Qf4 e5 25. dxe5 Ne6 26. Qd2 Bxe4 27. Nc3 Bb7
28. Nd5 Bxd5 29. Qxd5 Qf8 30. Bd7 Nf4 31. Qc4 Qxh6 32. g3 Nh3+ 33. Kg2 Nxf2 34.
Qe2 Ne4 35. e6 Nf6 36. e7 Qg5 37. e8=Q+ Nxe8 38. Bxe8 h5 39. Bc6 h4 40. g4 Qf4
41. Qf3 Qc7 42. Bd5 g5 43. Qe3 Qc2+ 44. Kh3 Qg6 45. Qe5 Kf8 46. Be4 Qe6 47. Qd4
Ke7 48. a4 Qd6 49. Qe3 Qe5 50. Qd3 Kf6 51. Kg2 Kg7 52. Bf5 a6 53. Qb3 b5 54. a5
Qe2+ 55. Kg1 Qe1+ 56. Kg2 Qxa5 57. Qb2+ Kg8 58. Qd4 Qc7 59. Qf6 Qg3+ 60. Kf1
Qf4+ 61. Kg2 b4 62. Qh6 Qd2+ 63. Kf3 Qd5+ 64. Ke3 Qe5+ 65. Kd3 Qg7 66. Qxa6 Qc3+
67. Ke4 Kg7 68. Qd6 h3 69. Qd4+ Qxd4+ 70. Kxd4 h2 71. Be4 Kf6 72. Bd5 b3 73. Kc3
Ke5 74. Bc6 Kf4 75. Kxb3 Kxg4 76. Kc3 Kg3 77. Kd4 Kf2 78. Ke5 g4 0-1

[Event "Sparkassen-Open A"]
[Site "Heusenstamm, Martinsee"]
[Date "2023.11.24"]
[Time "09:30:00"]
[Round "2.8"]
[PlyCount "49"]
[White "Nothnagel, Marian Can"]
[Black "Vihan, Shourya"]
[Result "1-0"]
[WhiteElo "2394"]
[BlackElo "2044"]
[WhiteTeam "Schachforum Darmstadt 1994"]
[BlackTeam "SV 1920 Hofheim"]

1. Nf3 Nf6 2. g3 d5 3. Bg2 e6 4. O-O Be7 5. d3 O-O 6. Nbd2 c5 7. e4 Nc6 8. Re1
b6 9. e5 Nd7 10. c4 Qc7 11. Qe2 Nb4 12. Nf1 Bb7 13. a3 Na6 14. Bf4 Rfe8 15. h4
Nf8 16. h5 Rad8 17. N1h2 Nb8 18. Ng4 Nc6 19. Nf6+ gxf6 20. exf6 Bd6 21. Bxd6
Qxd6 22. Qe3 Ng6 23. hxg6 hxg6 24. Qh6 Qf8 25. Qh4 1-0